PIG MANAGEMENT AND PRODUCTION (Record no. 16531)

MARC details
000 -LEADER
fixed length control field 00467nam a22001697a 4500
003 - CONTROL NUMBER IDENTIFIER
control field OSt
005 - DATE AND TIME OF LATEST TRANSACTION
control field 20211103151119.0
008 - FIXED-LENGTH DATA ELEMENTS--GENERAL INFORMATION
fixed length control field 211103b |||||||| |||| 00| 0 eng d
020 ## - INTERNATIONAL STANDARD BOOK NUMBER
International Standard Book Number 0 09 110891 8
040 ## - CATALOGING SOURCE
Transcribing agency HAWASSA UNIVERSITY
050 ## - LIBRARY OF CONGRESS CALL NUMBER
Classification number 636.408/GOO
Item number 2
082 ## - DEWEY DECIMAL CLASSIFICATION NUMBER
Classification number 636.408/GOO
Item number 2
100 ## - MAIN ENTRY--PERSONAL NAME
Personal name GOODWIN H. DERKE
Fuller form of name GOODWIN H. DERKE
9 (RLIN) 16793
245 ## - TITLE STATEMENT
Title PIG MANAGEMENT AND PRODUCTION
260 ## - PUBLICATION, DISTRIBUTION, ETC.
Place of publication, distribution, etc. LONDON
Name of publisher, distributor, etc. HUTCHINSON EDUCATIONAL
Date of publication, distribution, etc. 1973
942 ## - ADDED ENTRY ELEMENTS (KOHA)
Source of classification or shelving scheme Dewey Decimal Classification
Koha item type Books like text book referance book
Suppress in OPAC No
Holdings
Withdrawn status Lost status Source of classification or shelving scheme Damaged status Not for loan Home library Current library Date acquired Total Checkouts Full call number Barcode Date last seen Copy number Price effective from Koha item type
    Dewey Decimal Classification     College of Agriculture Library College of Agriculture Library 11/03/2021   636.408/GOO ALIB0003670 11/03/2021 1 11/03/2021 Books like text book referance book
    Dewey Decimal Classification     College of Agriculture Library College of Agriculture Library 11/03/2021   636.408/GOO ALIB0003671 11/03/2021 2 11/03/2021 Books like text book referance book